LEADER 01789nam 2200409Ia 450 001 996385945303316 005 20200824132018.0 035 $a(CKB)4940000000078607 035 $a(EEBO)2248579577 035 $a(OCoLC)ocm12711390e 035 $a(OCoLC)12711390 035 $a(EXLCZ)994940000000078607 100 $a19851023d1668 uy | 101 0 $aeng 135 $aurbn||||a|bb| 200 10$aMarkham's masterpiece$b[electronic resource] $econtaining all knowledge belonging to the smith, farrier, or horse-leech, touching the curing of all diseases in horses ... being divided into two books, the first containing all cures physical, the second all belonging to chirurgery ... /$fwritten by Gervas Markham, Gent 205 $aNow the tenth newly imprinted,$bcorrected and augmented with above thirty new chapters and above forty new medicines that are most certain and approved and heretofore never published ... 210 $a[London] $cPrinted at London by Edward Okes, and are to be sold by Thomas Passenger ...$d1668 215 $a[13], 591, [23] p. $cill 300 $aSecond part has special t.p. 300 $aContains illustrated frontispiece. 300 $aReproduction of original in the University of Illinois (Urbana-Champaign Campus). Library. 330 $aeebo-0167 606 $aHorses$xDiseases$vEarly works to 1800 606 $aHorses$xAnatomy$vEarly works to 1800 606 $aLivestock$xDiseases$vEarly works to 1800 615 0$aHorses$xDiseases 615 0$aHorses$xAnatomy 615 0$aLivestock$xDiseases 700 $aMarkham$b Gervase$f1568?-1637.$0877321 801 0$bEAH 801 1$bEAH 801 2$bWaOLN 906 $aBOOK 912 $a996385945303316 996 $aMarkham's masterpiece$92305057 997 $aUNISA